Countries by Unique National Flowers - Statistics

General Stats
  • This quiz has been taken 11 times
  • The average score is 8 of 16
Answer Stats
Picture Answer % Correct
Australia
86%
Ukraine
86%
South Africa
71%
Cambodia
57%
France
57%
Greece
57%
Colombia
43%
Malta
43%
Russia
43%
South Korea
43%
Thailand
43%
Zimbabwe
43%
Azerbaijan
29%
Bhutan
29%
Barbados
14%
Trinidad and Tobago
14%
No matching quizzes found
Score Distribution
Percent of People with Each Score
Percentile by Number Answered
Your Score History
You have not taken this quiz